Library Banner

Learning and indvidual differences : Advances in theory and (Record no. 11899)

MARC details
000 -LEADER
fixed length control field 00640nam a2200193Ia 4500
001 - CONTROL NUMBER
control field 10962
008 - FIXED-LENGTH DATA ELEMENTS--GENERAL INFORMATION
fixed length control field 140331s9999 xx 000 0 und d
020 ## - INTERNATIONAL STANDARD BOOK NUMBER
International Standard Book Number 0-7167-1983-5
040 ## - CATALOGING SOURCE
Transcribing agency PK-LaUMT
082 ## - DEWEY DECIMAL CLASSIFICATION NUMBER
Classification number 153.15
Item number LEA-
100 ## - MAIN ENTRY--PERSONAL NAME
Personal name Ackerman, Phillip L., Ed.
245 ## - TITLE STATEMENT
Title Learning and indvidual differences : Advances in theory and
Statement of responsibility, etc Ackerman, Phillip L., Ed.<>Sternberg, Robert J., J.A.; (Glaser, Robert), J.A.
260 ## - PUBLICATION, DISTRIBUTION, ETC. (IMPRINT)
Place of publication, distribution, etc New York,USA:
Name of publisher, distributor, etc W. H. Freeman and Company,
Date of publication, distribution, etc 1989
300 ## - PHYSICAL DESCRIPTION
Extent 343 p.
546 ## - LANGUAGE NOTE
Language note EN
650 ## - SUBJECT ADDED ENTRY--TOPICAL TERM
Topical term or geographic name as entry element Difference (psychology)
700 ## - ADDED ENTRY--PERSONAL NAME
Personal name Sternberg, Robert J., J.A.; (Glaser, Robert), J.A.
942 ## - ADDED ENTRY ELEMENTS (KOHA)
Koha item type Books
Holdings
Withdrawn status Lost status Source of classification or shelving scheme Damaged status Not for loan Home library Current library Date acquired Total Checkouts Full call number Barcode Date last seen Price effective from Koha item type
    Dewey Decimal Classification     UMT Main Campus UMT Main Campus 2014-03-31   153.15 LEA- 12550 2014-04-21 2014-04-21 Books
    Dewey Decimal Classification     UMT Main Campus UMT Main Campus 2014-06-04   153.15 LEA- 13427 2014-06-04 2014-06-04 Books